000 00558nam a2200181Ia 4500
008 220216s9999 xx 000 0 und d
100 _aPetrus K M
245 0 _aCovulcanisation of natural rubber and chlorobutyl rubber : effect of curative diffusion between phases and ZnCl2 addition
260 _bPlastics, Rubber and Composites
_c2001
300 _a147-153
650 _aChlorobutyl rubber
650 _aCovulcanisation
650 _aCurative diffusion
650 _aNatural rubber
700 _aMcGill W J
700 _aWoolard C D
942 _cJS
999 _c56487
_d56487